|
|
|
|
| LEADER |
01501nam a2200373 a 4500 |
| 001 |
EBC3415200 |
| 003 |
MiAaPQ |
| 005 |
20200520144314.0 |
| 006 |
m o d | |
| 007 |
cr cn||||||||| |
| 008 |
130502s2008 ne sa 101 0 eng d |
| 020 |
|
|
|z 9789086860746
|
| 020 |
|
|
|z 9789086866465 (e-book)
|
| 035 |
|
|
|a (MiAaPQ)EBC3415200
|
| 035 |
|
|
|a (Au-PeEL)EBL3415200
|
| 035 |
|
|
|a (CaPaEBR)ebr10688330
|
| 035 |
|
|
|a (OCoLC)923505611
|
| 040 |
|
|
|a MiAaPQ
|c MiAaPQ
|d MiAaPQ
|
| 043 |
|
|
|a e------
|
| 050 |
|
4 |
|a SF94.6
|b .E97 2008
|
| 082 |
0 |
4 |
|a 338.176
|2 23
|
| 110 |
2 |
|
|a European Association for Animal Production.
|b Annual Meeting
|n (59th :
|d 2008 :
|c Vilinus, Lithuania)
|
| 245 |
1 |
0 |
|a Book of abstracts of the 59th annual meeting of the European Association for Animal Production
|h [electronic resource] :
|b Vilnius, Lithuania, August 24th-27h, 2008.
|
| 260 |
|
|
|a Wageningen :
|b Wageningen Academic Publishers,
|c 2008.
|
| 300 |
|
|
|a lxix, 308 p.
|
| 490 |
0 |
|
|a Book of abstracts,
|x 1382-6077 ;
|v no. 14
|
| 500 |
|
|
|a Includes index.
|
| 533 |
|
|
|a Electronic reproduction. Ann Arbor, MI : ProQuest, 2015. Available via World Wide Web. Access may be limited to ProQuest affiliated libraries.
|
| 650 |
|
0 |
|a Livestock
|z Europe
|v Congresses.
|
| 650 |
|
0 |
|a Animal genetics
|v Congresses.
|
| 650 |
|
0 |
|a Animal nutrition
|z Europe
|v Congresses.
|
| 655 |
|
4 |
|a Electronic books.
|
| 710 |
2 |
|
|a ProQuest (Firm)
|
| 856 |
4 |
0 |
|u https://ebookcentral.proquest.com/lib/matrademy/detail.action?docID=3415200
|z Click to View
|